| 000 | 00783nam a2200205 i 4500 | ||
|---|---|---|---|
| 001 | 191945 | ||
| 003 | ES-MaACL | ||
| 005 | 20250930063204.0 | ||
| 008 | 221130s1849 sp 001 0 spa | ||
| 080 | _a799 | ||
| 100 | 1 |
_aLafuente Alcántara, Miguel, _d1817-1850 _9167364 |
|
| 245 | 1 | 0 |
_aInvestigaciones sobre la montería y los demás ejercicios del cazador / _cpor Don Miguel Lafuente Alcántara. |
| 260 |
_aMadrid : _b[s.n.], _c1849 ( _fImp. de L. García) |
||
| 300 |
_a159 p. ; _c15 cm. |
||
| 530 | _aDisponible en formato digital. | ||
| 650 | 4 |
_aCaza. _910857 |
|
| 852 | 4 |
_aES-MaACL _jT-37-F-1 _z- Enc. hol. _z- Enc. en un vol. facticio |
|
| 856 | 4 |
_uhttp://bdh-rd.bne.es/viewer.vm?id=0000090570&page=1 _zBiblioteca Digital Hispánica |
|
| 999 |
_c191945 _d191945 |
||